[Event "Napoli Autunno Vomero op-B"]
[Site "Napoli"]
[Date "2016.09.19"]
[Round "3"]
[White "Orefice, Matteo"]
[Black "Compagnone, Luigi"]
[Result "1-0"]
[WhiteElo "1440"]
[BlackElo "1203"]
[PlyCount "71"]
[EventDate "2016.09.08"]
[EventType "swiss"]
[EventRounds "7"]
[EventCountry "ITA"]
[SourceTitle "EXT 2018"]
[Source "ChessBase"]
[SourceDate "2017.10.13"]
[SourceVersion "1"]
[SourceVersionDate "2017.10.13"]
[SourceQuality "1"]

1. e4 e5 2. Nf3 Nc6 3. Bb5 a6 4. Ba4 b5 5. Bb3 Nf6 6. 0-0 Bc5 7. Re1 d6 8. h3 0-0 9. c3 Qe8 10. d4 exd4 11. cxd4 Bb4 12. Nc3 Bxc3 13. bxc3 Nxe4 14. Bd5 Bf5 15. Ng5 Nxc3 16. Rxe8 Nxd1 17. Rxa8 Rxa8 18. Bxc6 Rd8 19. Be3 Nc3 20. Bb7 Rb8 21. Bxa6 Nd5 22. a4 c6 23. axb5 cxb5 24. Bxb5 h6 25. Bc6 Nxe3 26. Nxf7 Kxf7 27. fxe3 Ke6 28. g4 Bh7 29. e4 Rb4 30. Bd5+ Kf6 31. Rd1 Ra4 32. Rd3 Kg5 33. Kg2 Kf4 34. Rf3+ Kg5 35. Kg3 h5 36. h4+ 1-0

[Event "Napoli Autunno Vomero op-B"]
[Site "Napoli"]
[Date "2016.09.15"]
[Round "2"]
[White "Compagnone, Luigi"]
[Black "Esposito, Marco"]
[Result "0-1"]
[WhiteElo "1203"]
[BlackElo "1440"]
[PlyCount "33"]
[EventDate "2016.09.08"]
[EventType "swiss"]
[EventRounds "7"]
[EventCountry "ITA"]
[SourceTitle "EXT 2018"]
[Source "ChessBase"]
[SourceDate "2017.10.13"]
[SourceVersion "1"]
[SourceVersionDate "2017.10.13"]
[SourceQuality "1"]

1. e4 c5 2. f4 e6 3. Nf3 Nc6 4. Nc3 b6 5. Bc4 a6 6. 0-0 Qc7 7. d3 Bb7 8. Be3 Nf6 9. Qd2 Ng4 10. h3 Nxe3 11. Qxe3 h6 12. a3 0-0-0 13. Rad1 Be7 14. d4 cxd4 15. Nxd4 Nxd4 16. Qxd4 Bc5 17. b3 0-1

[Event "Napoli Giglio Memorial"]
[Site "Napoli"]
[Date "2015.09.10"]
[Round "1"]
[White "Cosenza, Gianni"]
[Black "Compagnone, Luigi"]
[Result "1-0"]
[WhiteElo "1961"]
[BlackElo "1461"]
[PlyCount "63"]
[EventDate "2015.09.10"]
[EventType "swiss"]
[EventRounds "4"]
[EventCountry "ITA"]
[SourceTitle "EXT 2024"]
[Source "ChessBase"]
[SourceDate "2023.10.10"]
[SourceVersion "1"]
[SourceVersionDate "2023.10.10"]
[SourceQuality "1"]

1. e4 e5 2. Nf3 Nc6 3. Bb5 a6 4. Ba4 b5 5. Bb3 Nf6 6. d3 Bc5 7. 0-0 0-0 8. Bg5 h6 9. Bh4 d6 10. h3 Qe7 11. Nc3 Be6 12. Nd5 Bxd5 13. Bxd5 Qd7 14. Bxf6 gxf6 15. Qd2 Kg7 16. Nh4 Rh8 17. Nf5+ Kg6 18. Bxc6 Qxc6 19. Ne7+ Kg7 20. Nxc6 a5 21. c3 Ra6 22. Ne7 b4 23. Nf5+ Kf8 24. d4 exd4 25. cxd4 Bb6 26. e5 fxe5 27. dxe5 Bc5 28. Rac1 Rc6 29. Qd5 Rb6 30. Rxc5 Rb8 31. Rxc7 Rd8 32. Qxf7# 1-0